| 000 | 01235nam a22002537a 4500 | ||
|---|---|---|---|
| 010 | _aENG-92000 B-447378 | ||
| 020 |
_a9788173872150 _c700.00 |
||
| 035 | _aEN-75533 B-447378 | ||
| 037 | _bDBAD / PUB | ||
| 037 | _bK.K.Pub/Ven | ||
| 082 | _a250.0954511 | ||
| 100 |
_aDutta, Sristidhar ,1945- _944892 |
||
| 245 |
_aBuddhism in Arunachal Pradesh / _cby Sristidhar Dutta [and] Byomakesh Tripathy |
||
| 260 |
_aNew Delhi _bIndus Publishing _c2008 |
||
| 270 |
_aFS-5, Tagore Garden, _bNew Delhi _e110027 |
||
| 300 |
_a340p. _c23cm (Hb) |
||
| 500 | _aIncludes bibliographical references and index | ||
| 650 |
_aBuddhism _zIndia _zArunachal Pradesh. _944893 |
||
| 700 |
_aTripathy, Byomakesh _944894 |
||
| 942 |
_2ddc _cEN _mDUT _h250.0954511 |
||
| 999 |
_c19467 _d19467 |
||